000 01052cab a2200277 4500
001 ABS51427
008 090401t1994 xxu||||| |||| 00| 0 eng d
035 _a(Sirsi) u26143
041 _aeng
245 _aEuropean regional policy
260 _c1994
350 _a0
490 _aEstates Gazette
_v(9437) 17 September 1994, 146-148(2)
520 _aMainly for Students article on European regional policy funding briefly describes the main structural funds available including the European Regional Development Fund (ERDF) and the European Social Fund (ESF), lists the five key objectives of regional policy concluding with a general discussion on areas eligible for assistance and the amounts available.
650 _aEUROPEAN COMMUNITY
650 _aEUROPEAN REGIONAL DEVELOPMENT FUND
650 _aEUROPEAN SOCIAL FUND
650 _aOBJECTIVE 1
650 _aOBJECTIVE 2
650 _aOBJECTIVE 5B
650 _aREGIONAL POLICY
650 _aSTRUCTURAL FUNDS
690 _aOVERSEAS-EUROPE
942 _n0
948 _c04/03/1997
999 _c17546
_d17546